00678pab a2200193 454500008004000000100002900040245015400069260000900223300001500232362000800247650001000255650001400265650002100279650002400300773002500324909001100349999001900360952010500379180718b2015 xxu||||| |||| 00| 0 eng d aAlbert, Jose ramon et al aIncome disparity among persons with disabilities, assessed by education and sex: accentuated gender difference found in metro Manila, the Philippines c2015 ap.289-302. aDec aWomen aEducation aDisabled persons aIncome distribution aDeveloping Economies a110048 c110043d110043 00104070aIIPAbIIPAd2018-07-19hVolume no: 53, Issue no: 4pAR110508r2018-07-19w2018-07-19yAR